000 01757pam a2200385 a 4500
001 5023186
003 ARRUPE
005 20141103133007.0
008 040405s2004 wiub b s001 0 eng
010 _a 2004007798
020 _a0299201201 (alk. paper)
020 _a0299201244 (pbk. : alk. paper)
024 3 0 _a9780299201241 (pbk. : alk. paper)
_d90000
035 _a(OCoLC)ocm54952904
035 _a(NNC)5023186
040 _aDLC
_cDLC
_dOrLoB-B
_dNNC
041 1 _aeng
_hfre
043 _af-rw---
050 0 0 _aDT450.34
_b.V3813 2004
082 0 0 _a967.571/01
_222
100 1 _aVansina, Jan.
_912320
240 1 0 _aRwanda ancien.
_lEnglish
245 1 0 _aAntecedents to modern Rwanda :
_bthe Nyiginya Kingdom /
_cJan Vansina ; translated by the author.
260 _aMadison, Wis. :
_bUniversity of Wisconsin Press,
_cc2004.
300 _axiii, 354 p. :
_bmaps ;
_c24 cm.
490 1 _aAfrica and the diaspora
504 _aIncludes bibliographical references (p. 301-311) and index.
505 0 0 _g1.
_tCentral Rwanda on the eve of the emergence of the kingdom --
_g2.
_tThe Rwanda of Ndori --
_g3.
_tToward the centralization of power --
_g4.
_tGovernment in the eighteenth century --
_g5.
_tSocial transformations in the nineteenth century --
_g6.
_tThe triumph of the great families and its consequences --
_g7.
_tNightmares : the age of Rwabugiri (1867-1897) --
_tIn conclusion : history and the present --
_gApp.
_tPredynastic fairy tales : Central Rwanda before Ndori.
651 0 _aRwanda
_xKings and rulers.
_912321
651 0 _aRwanda
_xHistory.
_912322
830 0 _aAfrica and the diaspora.
_912323
856 4 1 _3Table of contents
_uhttp://www.loc.gov/catdir/toc/ecip0417/2004007798.html
900 _bTOC
942 _2lcc
_cMONOGRAPH
999 _c121157
_d121157